000 02057cam a22004934i 4500
003 PE-LiUPU
005 20250731184543.0
008 150623s r 000 0 d
020 _a9972971910
035 _a(Sirsi) i9789972971914
040 _aPE-LiUPU
_bspa
_cPE-LiUPU
_erda
049 _aPRUA
082 0 4 _a985.01
_bK26CH
_221
100 1 _aKauffmann Doig, Federico,
_d1928 -,
_eautor.
245 1 4 _aLos Chachapoya(s) :
_bmoradores ancestrales de los andes amazónicos peruanos /
_cFederico Kauffmann Doig.
264 1 _aLima, Perú :
_bUniversidad Alas Peruanas,
_c2003.
300 _a485 páginas ;
_c30 centímetros
300 _aCD
336 _atext
_2rdacontent
337 _aunmediated
_2rdamedia
338 _avolume
_2rdacarrier
500 _aIncluye hemerografía.
504 _aIncluye bibliografía.
505 0 _aLos Chachapoyas(s): Espacio geográfico y ubicación temporal. Los Chachapoya(s): Aspectos históricos. Los chachapoya(s): Aspecto físico, creencias y costumbres. Origen de los Chachapoya(s): "Serranización de la selva". El legado arquitectónico. Formas de sepulcros: el sarcófago Chachapoya(s). Formas de sepulcros: El mausoleo chachapoya(s). Otros testimonios Chachapoya(s). Addenda: Testimonios Pre-Chachapoya(s) en zonas vecinas.
526 _aP136
526 _aP135
526 _aP134
526 _aP133
526 _aP144
526 _aP143
526 _aP87
526 _aP35
526 _aP20
526 _aP14
526 _aP10
526 _aP06
650 0 4 _aChachapoyas (Cultura)
_xHistoria
_yEpoca prehispánica.
942 _2ddc
_cBOOK
949 _a985.01 K26CH
_wDEWEY
_c1
_i52563
_lCCODEBUL1
_mBUL
_p50.00
_r0
_sY
_tBOOK
_u2015-6-24
_xEDUCACION
_zUNKNOWN
_0COMPRA
_o.STAFF. Colección General
994 _aC0
_bPEPRU
596 _a1
999 _a985.01 K26CH
_wDEWEY
_c34389
_i52563
_f2021-11-8
_g5
_lCCODEBUL1
_mBUL
_p50.00
_r0
_sY
_tBOOK
_u2015-6-24
_xBIBLIOTECA
_zUNKNOWN
_0COMPRA
_o.STAFF. Colección General
_d34389
980 _81
_gALBERTO SANCHEZ Responsable de Automatización